Quick Pick: Silly Word Pairs Quiz Stats

 Plays Quiz Updated Jun 8, 2019

Score 0/10 Timer 01:00
0 Plays Today
% Correct
Ding-Dong
97.2%
King Kong
97.2%
Tip-Top
96.1%
Tick-Tock
95.4%
Clip-Clop
95.2%
Mish-Mash
93.4%
Chit-Chat
93.3%
Flip-Flop
91.2%
Flim-Flam
90.1%
Pitter-Patter
85%

Today's Daily Dose

Word Ladder
Lean on Me

Get the Picture
Superhero by Villain

You're not logged in!

Compare scores with friends on all Sporcle quizzes.
OR
Log In

Sporcle TV

Today on Sporcle TV


Watch our educational content, quiz creation guides, and fun videos on Sporcle TV.

Show Comments

Extras

Top Quizzes Today


Score Distribution

Your Account Isn't Verified!

In order to create a playlist on Sporcle, you need to verify the email address you used during registration. Go to your Sporcle Settings to finish the process.

Report this User

Report this user for behavior that violates our Community Guidelines.

Details: